[Event "4NCL Division Three East"]
[Site "Daventry, ENG"]
[Date "2023.03.26"]
[Round "8.52"]
[White "Smith, Olivia"]
[Black "Rosen, Daniel B"]
[Result "1-0"]
[WhiteElo "2076"]
[BlackElo "2098"]
[PlyCount "87"]
[EventDate "2023.03.26"]
[WhiteTeam "Rhyfelwyr Essyllwg"]
[BlackTeam "Poisoned Pawns"]

1. e4 d6 2. d4 g6 3. Nc3 Bg7 4. f4 Nf6 5. Nf3 c5 6. dxc5 Qa5 7. Qd4 O-O 8. Bd2
Nc6 9. Qc4 Qxc5 10. Qxc5 dxc5 11. e5 Ne8 12. O-O-O Nc7 13. Bd3 b6 14. Be4 Bb7
15. g4 f6 16. Nd5 Nxd5 17. Bxd5+ Kh8 18. exf6 exf6 19. Bc3 Rad8 20. Rhe1 Rxd5
21. Rxd5 Nb4 22. Rd7 Nxa2+ 23. Kd2 Bc6 24. Rc7 Nxc3 25. Rxc6 Nd5 26. Rd6 Nxf4
27. Rd7 h5 28. Ree7 Rg8 29. g5 fxg5 30. Nxg5 h4 31. Rf7 Nh5 32. Ne6 Bh6+ 33.
Kc3 Ng7 34. Nf8 Bg5 35. Nxg6+ Kh7 36. Ne7 Bxe7 37. Rdxe7 Kg6 38. Rxa7 Nf5 39.
Rfb7 Kg5 40. Rxb6 Kf4 41. Rf7 Ke5 42. Rc6 Kd5 43. Rxc5+ Kxc5 44. Rxf5+ 1-0

[Event "4NCL Division Three East"]
[Site "Daventry, ENG"]
[Date "2023.03.26"]
[Round "8.53"]
[White "Kemp, Paul R"]
[Black "Hewitt, William"]
[Result "1/2-1/2"]
[WhiteElo "2002"]
[BlackElo "1983"]
[PlyCount "69"]
[EventDate "2023.03.26"]
[WhiteTeam "Poisoned Pawns"]
[BlackTeam "Rhyfelwyr Essyllwg"]

1. e4 e5 2. Nf3 Nc6 3. d4 exd4 4. Bc4 Bc5 5. c3 Nf6 6. cxd4 Bb4+ 7. Bd2 Bxd2+
8. Nbxd2 d5 9. exd5 Nxd5 10. O-O O-O 11. Rc1 Nb6 12. Bb3 Bf5 13. Rc5 Ne7 14.
Re1 Bg6 15. Nc4 Nxc4 16. Bxc4 Nf5 17. Ne5 Nd6 18. Nxg6 hxg6 19. Bb3 Rc8 20. Qc2
Nf5 21. Rd1 Qd6 22. Qc4 Ne7 23. h4 c6 24. h5 Nd5 25. hxg6 Qxg6 26. Qe2 Rcd8 27.
Qf3 Qe6 28. g3 Rfe8 29. Bc4 Qe4 30. Qxe4 Rxe4 31. Bxd5 Rxd5 32. Rxd5 cxd5 33.
Kf1 f6 34. f3 Re7 35. Kf2 1/2-1/2

[Event "4NCL Division Three East"]
[Site "Daventry, ENG"]
[Date "2023.03.26"]
[Round "8.54"]
[White "Trevelyan, John"]
[Black "McMahon, Paul"]
[Result "0-1"]
[WhiteElo "1874"]
[BlackElo "1974"]
[PlyCount "58"]
[EventDate "2023.03.26"]
[WhiteTeam "Rhyfelwyr Essyllwg"]
[BlackTeam "Poisoned Pawns"]

1. d4 d5 2. Nf3 e6 3. c4 Nf6 4. Nc3 Be7 5. Bg5 h6 6. Bxf6 Bxf6 7. cxd5 exd5 8.
e3 O-O 9. Bd3 b6 10. Rc1 Bb7 11. b4 Qe7 12. b5 Rd8 13. O-O c5 14. bxc6 Nxc6 15.
Re1 Rac8 16. Nd2 Qd7 17. Qh5 Ne7 18. Nf1 a6 19. Qd1 Qd6 20. Qb3 b5 21. Ng3 g6
22. Be2 Rc6 23. Bd3 Rdc8 24. Nce2 Kg7 25. Qb2 Rxc1 26. Rxc1 Rxc1+ 27. Nxc1 Qc7
28. Nb3 Bc8 29. Nc5 Qxc5 0-1

[Event "4NCL Division Three East"]
[Site "Daventry, ENG"]
[Date "2023.03.26"]
[Round "8.55"]
[White "Weersing, Nathan"]
[Black "Van Kemenade, Rudy"]
[Result "0-1"]
[WhiteElo "1517"]
[BlackElo "1938"]
[PlyCount "110"]
[EventDate "2023.03.26"]
[WhiteTeam "Poisoned Pawns"]
[BlackTeam "Rhyfelwyr Essyllwg"]

1. e4 e5 2. Nf3 Nf6 3. Nxe5 d6 4. Nf3 Nxe4 5. Qe2 Qe7 6. d3 Nf6 7. Bg5 Be6 8.
Nc3 Nbd7 9. g3 h6 10. Be3 d5 11. a3 c5 12. Nb5 Kd8 13. Bf4 Ne8 14. Bg2 g5 15.
Be5 f6 16. Bc3 a6 17. Ba5+ b6 18. Bxb6+ Nxb6 19. Nc3 Bf7 20. Nd2 Qxe2+ 21. Nxe2
Ra7 22. O-O Nd6 23. b3 Nf5 24. c4 a5 25. Nc3 Ne7 26. Nb5 Rd7 27. Bh3 f5 28.
Rae1 Bg7 29. Re2 g4 30. Bg2 Ng6 31. a4 Re8 32. Rfe1 Rxe2 33. Rxe2 Re7 34. Kf1
Rxe2 35. Kxe2 Kd7 36. f3 h5 37. Nf1 f4 38. fxg4 hxg4 39. Bxd5 Nxd5 40. cxd5
Bxd5 41. Nd2 Be5 42. Kf2 Bc6 43. Ne4 Bxe4 44. dxe4 Bd4+ 45. Nxd4 cxd4 46. gxf4
Nxf4 47. Ke1 Kd6 48. Kd2 Ke5 49. b4 axb4 50. a5 Kxe4 51. a6 Nd5 52. a7 Nb6 53.
Kc2 d3+ 54. Kd2 Na8 55. Kd1 Ke3 0-1

[Event "4NCL Division Three East"]
[Site "Daventry, ENG"]
[Date "2023.03.26"]
[Round "8.61"]
[White "Lohia, Sohum"]
[Black "Seymour, Timothy P"]
[Result "1/2-1/2"]
[WhiteElo "2081"]
[BlackElo "2107"]
[PlyCount "49"]
[EventDate "2023.03.26"]
[WhiteTeam "Watford A"]
[BlackTeam "Surbiton"]

1. e4 e5 2. Nf3 Nc6 3. Bb5 Nf6 4. O-O Nxe4 5. Re1 Nd6 6. Nxe5 Be7 7. Bf1 Nxe5
8. Rxe5 O-O 9. d4 Bf6 10. Re1 Re8 11. c3 Rxe1 12. Qxe1 Ne8 13. Bf4 d5 14. Bd3
g6 15. Nd2 Ng7 16. Nf3 Bf5 17. Bxf5 Nxf5 18. Qe2 c6 19. Re1 Ng7 20. Be5 Ne6 21.
Bxf6 Qxf6 22. Ne5 Kg7 23. Ng4 Qf5 24. Qe5+ Qxe5 25. Nxe5 1/2-1/2

[Event "4NCL Division Three East"]
[Site "Daventry, ENG"]
[Date "2023.03.26"]
[Round "8.62"]
[White "Scott, David A"]
[Black "Nelson, Omowale"]
[Result "1/2-1/2"]
[WhiteElo "2079"]
[BlackElo "1974"]
[PlyCount "107"]
[EventDate "2023.03.26"]
[WhiteTeam "Surbiton"]
[BlackTeam "Watford A"]

1. d4 d5 2. c4 dxc4 3. Nf3 Nf6 4. e3 e6 5. Bxc4 a6 6. O-O b5 7. Be2 Bb7 8. a4
b4 9. Nbd2 Nbd7 10. b3 c5 11. Bb2 Be7 12. Rc1 O-O 13. Nc4 Rc8 14. Nfe5 Qc7 15.
Bf3 Nd5 16. Nxd7 Qxd7 17. e4 Nc3 18. Bxc3 bxc3 19. d5 Rcd8 20. Rxc3 f5 21. Rd3
fxe4 22. Bxe4 exd5 23. Bxd5+ Bxd5 24. Nb6 Qe6 25. Nxd5 Bd6 26. Ne3 Qg6 27. Rd5
Bc7 28. Qh5 Qe4 29. Rxd8 Rxd8 30. Qxc5 Qf4 31. g3 Qf7 32. Rc1 Bd6 33. Qc4 Kf8
34. Qxf7+ Kxf7 35. Rd1 Ke6 36. Nc4 Bc7 37. Rxd8 Bxd8 38. Kf1 Kd5 39. Ke2 Kd4
40. Kd2 Be7 41. Nb2 Bb4+ 42. Kc2 a5 43. Nd3 Bd6 44. Nf4 g6 45. Ne2+ Ke4 46.
Nc3+ Kf3 47. Kd3 Bb4 48. Ne4 h5 49. h4 Ba3 50. Kd4 Bb2+ 51. Kd5 Ba3 52. Kd4
Bb2+ 53. Kd5 Ba3 54. Kd4 1/2-1/2

[Event "4NCL Division Three East"]
[Site "Daventry, ENG"]
[Date "2023.03.26"]
[Round "8.63"]
[White "Rubeck, Jonathan"]
[Black "Dupre, Paul D"]
[Result "1/2-1/2"]
[WhiteElo "1972"]
[BlackElo "1936"]
[PlyCount "118"]
[EventDate "2023.03.26"]
[WhiteTeam "Watford A"]
[BlackTeam "Surbiton"]

1. e4 c5 2. c3 d5 3. exd5 Qxd5 4. d4 g6 5. Nf3 Bg7 6. Be2 Nh6 7. Na3 O-O 8. O-O
cxd4 9. Nxd4 e5 10. Bf3 e4 11. Be2 Nc6 12. Nxc6 Qxc6 13. Bb5 Qc7 14. Nc2 Ng4
15. g3 a6 16. Be2 Nf6 17. Bf4 Qb6 18. Rb1 Bh3 19. Be3 Qe6 20. Nd4 Qxa2 21. Re1
Qd5 22. Qc2 Ng4 23. Qd2 Rad8 24. Rbd1 h5 25. Qc1 Qe5 26. Bf4 Qc5 27. b4 Qc8 28.
b5 axb5 29. Bxb5 Qc5 30. Qb2 g5 31. Bc1 Ne5 32. Be3 Rxd4 33. cxd4 Nf3+ 34. Kh1
Qf5 35. Be2 b5 36. Qxb5 Nxe1 37. Qxf5 Bxf5 38. Rxe1 g4 39. Rd1 Rd8 40. d5 Be5
41. Bb6 Rd7 42. Kg1 Bd6 43. Kf1 Kf8 44. Be3 Ke7 45. Bb5 Rb7 46. Bc6 Rb3 47. Ra1
Ra3 48. Rb1 Bc8 49. Bg5+ f6 50. Be3 Ba6+ 51. Kg2 Ra2 52. h3 gxh3+ 53. Kxh3 Bc8+
54. Kh4 Bg4 55. Rb7+ Kf8 56. Bd7 Bf3 57. Bh6+ Kf7 58. Bf5+ Ke8 59. Bg7 Be5
1/2-1/2

[Event "4NCL Division Three East"]
[Site "Daventry, ENG"]
[Date "2023.03.26"]
[Round "8.64"]
[White "Faulks, Nick"]
[Black "Taylor, Alistair"]
[Result "1/2-1/2"]
[WhiteElo "1811"]
[BlackElo "1871"]
[PlyCount "58"]
[EventDate "2023.03.26"]
[WhiteTeam "Surbiton"]
[BlackTeam "Watford A"]

1. c4 c5 2. Nc3 Nc6 3. e3 e5 4. Nf3 Nf6 5. d3 d5 6. cxd5 Nxd5 7. Be2 Be6 8. O-O
Be7 9. Qc2 O-O 10. a3 Rc8 11. Nxd5 Qxd5 12. e4 Qd7 13. Qd1 Rfd8 14. Be3 b6 15.
Rc1 f6 16. Kh1 Kh8 17. Rg1 Qe8 18. Qf1 Nd4 19. g4 Nxf3 20. Bxf3 Qb5 21. Be2 g5
22. h4 h6 23. Rg3 Kg7 24. d4 Qe8 25. d5 Bd7 26. Rd1 Bd6 27. Bc1 Qg6 28. Qg2 Rh8
29. h5 Qf7 1/2-1/2

[Event "4NCL Division Three East"]
[Site "Daventry, ENG"]
[Date "2023.03.26"]
[Round "8.65"]
[White "Lancaster, Roger"]
[Black "Alcock, Graham P"]
[Result "1-0"]
[WhiteElo "1942"]
[BlackElo "1763"]
[PlyCount "75"]
[EventDate "2023.03.26"]
[WhiteTeam "Watford A"]
[BlackTeam "Surbiton"]

1. e4 d5 2. exd5 Qxd5 3. Nc3 Qd6 4. d4 Nf6 5. Nf3 a6 6. g3 Nc6 7. Bf4 Qd8 8.
Bg2 e6 9. O-O Be7 10. Re1 O-O 11. Qd2 Nd5 12. Nxd5 exd5 13. c3 Bd6 14. Re2 Bxf4
15. Qxf4 Ne7 16. Ne5 f6 17. Nd3 Ng6 18. Qf3 c6 19. Rae1 Qd6 20. h4 Bd7 21. h5
Nh8 22. Nc5 Rae8 23. Nxb7 Rxe2 24. Rxe2 Qc7 25. Nc5 Bc8 26. Ne6 Bxe6 27. Rxe6
Nf7 28. Qe2 Ng5 29. Re7 Qc8 30. f4 Nf7 31. Kh2 a5 32. Bh3 Qb8 33. b3 Qd6 34.
Rd7 Qb8 35. Qe7 Qe8 36. Be6 Qxe7 37. Rxe7 h6 38. f5 1-0

[Event "4NCL Division Three East"]
[Site "Daventry, ENG"]
[Date "2023.03.26"]
[Round "8.66"]
[White "Boughen, Andrew"]
[Black "Taffel, Jeremy P"]
[Result "1-0"]
[WhiteElo "1767"]
[BlackElo "1762"]
[PlyCount "73"]
[EventDate "2023.03.26"]
[WhiteTeam "Surbiton"]
[BlackTeam "Watford A"]

1. d4 Nf6 2. c4 c5 3. d5 b5 4. Qc2 bxc4 5. e4 d6 6. Bxc4 g6 7. h3 Bg7 8. Nf3
Nbd7 9. O-O O-O 10. Re1 Ne8 11. Bf4 Qc7 12. Nc3 a6 13. Qd2 Ne5 14. Nxe5 dxe5
15. Bh6 Nd6 16. b3 Bd7 17. Bxg7 Kxg7 18. f4 Nb5 19. Rf1 Nd4 20. f5 f6 21. g4 g5
22. Rac1 Bb5 23. Ne2 Qb6 24. Kg2 Bxc4 25. Rxc4 Nxe2 26. Qxe2 a5 27. Rfc1 Rfc8
28. Qc2 a4 29. b4 Qb5 30. bxc5 a3 31. Rb1 Qa6 32. Rbb4 Rcb8 33. c6 Qa5 34. Qb3
Qc7 35. Rb7 Qc8 36. Rxe7+ Kf8 37. Rb7 1-0

[Event "4NCL Division Three East"]
[Site "Milton Keynes, ENG"]
[Date "2023.04.29"]
[Round "9.11"]
[White "Hryshchenko, Kamila"]
[Black "Miller, Dominic"]
[Result "1-0"]
[WhiteElo "2169"]
[BlackElo "2111"]
[PlyCount "63"]
[EventDate "2023.04.29"]
[WhiteTeam "Hull & East Riding Tigers"]
[BlackTeam "Sussex Martlets 2"]

1. e4 e6 2. d3 c5 3. Nf3 Nc6 4. g3 g6 5. Bg2 Bg7 6. O-O d6 7. c3 e5 8. a3 Nge7
9. b4 a6 10. Nbd2 O-O 11. h3 h6 12. Rb1 b6 13. Nc4 Be6 14. Ne3 Qd7 15. Kh2 f5
16. Nh4 Qc7 17. Bd2 Rab8 18. bxc5 bxc5 19. Rxb8 Nxb8 20. exf5 gxf5 21. f4 Nd7
22. Qh5 Nf6 23. Qe2 e4 24. dxe4 fxe4 25. f5 Bd7 26. Ng4 Kh7 27. Bxe4 Bc6 28.
Nxf6+ Rxf6 29. Bf4 Qd7 30. Bxc6 Nxc6 31. g4 Rf7 32. g5 1-0

[Event "4NCL Division Three East"]
[Site "Milton Keynes, ENG"]
[Date "2023.04.29"]
[Round "9.12"]
[White "Salmons, Calum"]
[Black "Ciuravin, Andrei"]
[Result "1/2-1/2"]
[WhiteElo "2135"]
[BlackElo "2132"]
[PlyCount "70"]
[EventDate "2023.04.29"]
[WhiteTeam "Sussex Martlets 2"]
[BlackTeam "Hull & East Riding Tigers"]

1. d4 f5 2. Bf4 Nf6 3. e3 e6 4. Bd3 Be7 5. Nf3 O-O 6. Nbd2 d6 7. c3 Nc6 8. Qb3
Kh8 9. Bg3 Qe8 10. e4 Nh5 11. exf5 exf5 12. O-O-O Qd8 13. h3 Bg5 14. Bh2 Rb8
15. Kb1 Bh6 16. Rhg1 Nf4 17. Bxf4 Bxf4 18. g3 Bh6 19. g4 Bf4 20. Rg2 Qf6 21. g5
Qf7 22. Qxf7 Rxf7 23. g6 hxg6 24. Rxg6 Bd7 25. Ng5 Re7 26. Ndf3 d5 27. Nh4 Be8
28. Bxf5 Re2 29. Bg4 Rxf2 30. Re1 Bg3 31. Rge6 Bxh4 32. Rxe8+ Rf8 33. Rxb8 Rxb8
34. Nf7+ Kg8 35. Rf1 Ne7 1/2-1/2

[Event "4NCL Division Three East"]
[Site "Milton Keynes, ENG"]
[Date "2023.04.29"]
[Round "9.13"]
[White "Hodge, Steve R"]
[Black "Graham, William M"]
[Result "0-1"]
[WhiteElo "2027"]
[BlackElo "1995"]
[PlyCount "66"]
[EventDate "2023.04.29"]
[WhiteTeam "Hull & East Riding Tigers"]
[BlackTeam "Sussex Martlets 2"]

1. e4 e6 2. d4 d5 3. Nd2 Nf6 4. e5 Nfd7 5. Bd3 c5 6. c3 Nc6 7. Ne2 cxd4 8. cxd4
f6 9. exf6 Nxf6 10. O-O Bd6 11. Nf3 O-O 12. Bf4 Ng4 13. Bxd6 Qxd6 14. h3 Rxf3
15. hxg4 Rf8 16. f4 Qb4 17. Bc2 e5 18. f5 Qxb2 19. Rb1 Qxa2 20. dxe5 Nxe5 21.
Bb3 Qa5 22. Qxd5+ Qxd5 23. Bxd5+ Kh8 24. Bxb7 Bxb7 25. Rxb7 Nxg4 26. Nd4 a5 27.
Ne6 Rg8 28. Ng5 Rgb8 29. Re7 a4 30. Ne4 a3 31. f6 Nxf6 32. Rxf6 a2 33. Rf1 Rb1
0-1

[Event "4NCL Division Three East"]
[Site "Milton Keynes, ENG"]
[Date "2023.04.29"]
[Round "9.14"]
[White "Ursell, Adam R"]
[Black "Vleeshhouwer, Douglas"]
[Result "0-1"]
[WhiteElo "1923"]
[BlackElo "2045"]
[PlyCount "70"]
[EventDate "2023.04.29"]
[WhiteTeam "Sussex Martlets 2"]
[BlackTeam "Hull & East Riding Tigers"]

1. e4 d6 2. d4 Nf6 3. Nc3 Nbd7 4. Nf3 e5 5. Rg1 c6 6. g4 exd4 7. Qxd4 Nc5 8. g5
Nfxe4 9. Nxe4 Qe7 10. Bd3 Bf5 11. Qxd6 Nxd3+ 12. cxd3 Qxd6 13. Nxd6+ Bxd6 14.
d4 O-O-O 15. Be3 Rhe8 16. O-O-O Be6 17. b3 Ba3+ 18. Kb1 Bf5+ 19. Ka1 Bc2 20.
Rd2 Be4 21. Ne5 Bb4 22. Nc4 b5 23. a3 Bc3+ 24. Nb2 Bxd2 25. Bxd2 Rxd4 26. Bc3
Rd5 27. f4 Bc2 28. Ka2 Re3 29. Bxg7 Bxb3+ 30. Kb1 Rd2 31. Rc1 Bd5 32. Bc3 Rxh2
33. Nd1 Rf3 34. a4 b4 35. Be5 Be4+ 0-1

[Event "4NCL Division Three East"]
[Site "Milton Keynes, ENG"]
[Date "2023.04.29"]
[Round "9.15"]
[White "Larchikov, Maksym"]
[Black "Hedger, Alec"]
[Result "1/2-1/2"]
[WhiteElo "2035"]
[BlackElo "2007"]
[PlyCount "56"]
[EventDate "2023.04.29"]
[WhiteTeam "Hull & East Riding Tigers"]
[BlackTeam "Sussex Martlets 2"]

1. d4 d5 2. c4 e6 3. Nf3 c6 4. e3 Bd6 5. Nc3 f5 6. Bd3 Nf6 7. cxd5 exd5 8. O-O
O-O 9. Ne5 Nbd7 10. f4 Ne4 11. Bxe4 fxe4 12. b3 Qh4 13. Qg4 Qxg4 14. Nxg4 b6
15. Bb2 Ba6 16. Rfc1 h5 17. Nf2 g5 18. Ncxe4 dxe4 19. Nxe4 gxf4 20. Nxd6 fxe3
21. Re1 e2 22. Nc4 Rae8 23. Rac1 b5 24. Na5 b4 25. Nc4 Nb6 26. Rc2 Nxc4 27.
bxc4 Rf7 28. h3 Re4 1/2-1/2

[Event "4NCL Division Three East"]
[Site "Milton Keynes, ENG"]
[Date "2023.04.29"]
[Round "9.16"]
[White "Honarvar, Hooman"]
[Black "Collinson, Mark I"]
[Result "0-1"]
[WhiteElo "1865"]
[BlackElo "2049"]
[PlyCount "78"]
[EventDate "2023.04.29"]
[WhiteTeam "Sussex Martlets 2"]
[BlackTeam "Hull & East Riding Tigers"]

1. e4 c5 2. Nf3 d6 3. Bb5+ Bd7 4. Bxd7+ Nxd7 5. O-O g6 6. c3 Bg7 7. d4 Qc7 8.
Re1 e5 9. d5 Ne7 10. a4 O-O 11. Bg5 f6 12. Be3 h6 13. Qd2 Kh7 14. Na3 a6 15.
Qd3 f5 16. Rad1 f4 17. Bd2 g5 18. b4 Ng6 19. Kh1 g4 20. Ng1 f3 21. gxf3 gxf3
22. Nxf3 Nf4 23. Bxf4 Rxf4 24. Nb1 Raf8 25. Nbd2 Nf6 26. Rg1 cxb4 27. cxb4 Rf7
28. a5 Qd7 29. Rg2 Kh8 30. Ng1 Nh5 31. Nh3 Rh4 32. Ng1 Nf4 33. Qg3 Nxg2 34.
Qxg2 Qa4 35. Rc1 Rhf4 36. Nh3 R4f6 37. Rc8+ Kh7 38. Nf1 Qd1 39. Kg1 Rg6 0-1

[Event "4NCL Division Three East"]
[Site "Milton Keynes, ENG"]
[Date "2023.04.29"]
[Round "9.21"]
[White "Cox, Toby"]
[Black "Walker, Martin G"]
[Result "1/2-1/2"]
[WhiteElo "2183"]
[BlackElo "2199"]
[PlyCount "94"]
[EventDate "2023.04.29"]
[WhiteTeam "MK Phoenix 1"]
[BlackTeam "Anglian Avengers 1"]

1. e4 Nf6 2. e5 Nd5 3. d4 d6 4. c4 Nb6 5. f4 dxe5 6. fxe5 Nc6 7. Be3 Bf5 8. Nc3
e6 9. Nf3 Bg4 10. Be2 Bxf3 11. gxf3 Qh4+ 12. Bf2 Qf4 13. c5 Nd7 14. Qd2 Qxd2+
15. Kxd2 g6 16. Ne4 O-O-O 17. Kc3 Bg7 18. f4 Ne7 19. Bc4 Nf5 20. Ng5 Rdf8 21.
d5 exd5 22. Bxd5 f6 23. Ne6 fxe5 24. Nxf8 Rxf8 25. Be6 e4+ 26. Kc2 e3 27. Bxf5
exf2 28. Bh3 Rxf4 29. Rad1 Bd4 30. Rd2 Rh4 31. Rd3 Rxh3 32. Rxh3 h5 33. b4 a5
34. a3 axb4 35. axb4 c6 36. Kd3 Bf6 37. Ke2 b6 38. cxb6 Nxb6 39. Kxf2 Nd5 40.
Rb3 Kc7 41. Rc1 Kb6 42. Kf3 Be7 43. Ke4 Kb5 44. Ke5 g5 45. Rd3 g4 46. Rxd5+
cxd5 47. Kxd5 h4 1/2-1/2

[Event "4NCL Division Three East"]
[Site "Milton Keynes, ENG"]
[Date "2023.04.29"]
[Round "9.22"]
[White "Scott, Gordon W"]
[Black "Lambourne, Dan M"]
[Result "1/2-1/2"]
[WhiteElo "2275"]
[BlackElo "1955"]
[PlyCount "174"]
[EventDate "2023.04.29"]
[WhiteTeam "Anglian Avengers 1"]
[BlackTeam "MK Phoenix 1"]

1. d4 Nf6 2. c4 e6 3. Nc3 d5 4. cxd5 exd5 5. Bg5 Be7 6. e3 c6 7. Bd3 h6 8. Bf4
Bd6 9. Bxd6 Qxd6 10. h3 Nbd7 11. Nf3 Qe7 12. Qc2 O-O 13. O-O Re8 14. Rab1 Ne4
15. b4 Ng5 16. Nxg5 Qxg5 17. b5 Nb6 18. bxc6 bxc6 19. Kh2 Qd8 20. Ne2 Qd6+ 21.
Kh1 Bd7 22. Nc1 Rac8 23. Nb3 g6 24. Rfc1 Re7 25. Nc5 Be8 26. a4 Nd7 27. Ba6 Rc7
28. Nd3 Kg7 29. Qb2 Nf6 30. Nc5 Ne4 31. Nxe4 Rxe4 32. Qb8 Qd7 33. a5 Re7 34.
Qa8 f6 35. Rb8 Kf7 36. Rd8 Qf5 37. Kg1 Qe6 38. Bd3 f5 39. a6 Qf6 40. Qb8 Rcd7
41. Rxd7 Rxd7 42. Rb1 Qd8 43. Qe5 Qf6 44. Qh2 Qd6 45. Qxd6 Rxd6 46. g4 fxg4 47.
hxg4 Ke7 48. Kg2 Rd7 49. Rh1 h5 50. gxh5 gxh5 51. Be2 Kd6 52. Bxh5 Rg7+ 53. Kf3
Bd7 54. Kf4 Rh7 55. Kg5 Bc8 56. Ra1 Re7 57. Ra3 Bd7 58. f4 c5 59. f5 cxd4 60.
exd4 Re1 61. Kf6 Re4 62. Bg6 Rxd4 63. Kg7 Rg4 64. Rf3 Bxf5 65. Rxf5 Ra4 66. Rf7
Kc5 67. Bd3 Ra3 68. Bf1 Ra1 69. Rf4 Re1 70. Kf6 Kd6 71. Kf5 Re8 72. Kg4 Re4 73.
Rxe4 dxe4 74. Kf4 e3 75. Kxe3 Kc7 76. Kd4 Kb8 77. Kc5 Kc7 78. Bg2 Kd7 79. Bb7
Kc7 80. Bc6 Kb8 81. Kd6 Kc8 82. Bg2 Kb8 83. Kc6 Kc8 84. Bh3+ Kb8 85. Kd7 Ka8
86. Bg2+ Kb8 87. Kc6 Kc8 1/2-1/2

[Event "4NCL Division Three East"]
[Site "Milton Keynes, ENG"]
[Date "2023.04.29"]
[Round "9.23"]
[White "Brown, Alan M"]
[Black "Talsma, Paul"]
[Result "0-1"]
[WhiteElo "1988"]
[BlackElo "2170"]
[PlyCount "56"]
[EventDate "2023.04.29"]
[WhiteTeam "MK Phoenix 1"]
[BlackTeam "Anglian Avengers 1"]

1. d4 Nf6 2. c4 c5 3. d5 b5 4. cxb5 a6 5. b6 e6 6. Nc3 Nxd5 7. Nxd5 exd5 8.
Qxd5 Nc6 9. Nf3 Rb8 10. e4 Be7 11. Be2 O-O 12. O-O Rxb6 13. b3 d6 14. Bb2 a5
15. Bc4 Be6 16. Qd3 a4 17. Bxe6 fxe6 18. Qc4 Qc8 19. Qxa4 Rb4 20. Qa3 Rxe4 21.
Rfe1 Rg4 22. Nd2 Nb4 23. Qa7 Rf7 24. Re4 Rxe4 25. Nxe4 d5 26. Nc3 Bh4 27. Qa4
Rxf2 28. Kh1 Nd3 0-1

[Event "4NCL Division Three East"]
[Site "Milton Keynes, ENG"]
[Date "2023.04.29"]
[Round "9.24"]
[White "Lewis, Andrew P"]
[Black "Elwin, Adrian G"]
[Result "1-0"]
[WhiteElo "2230"]
[BlackElo "1956"]
[PlyCount "93"]
[EventDate "2023.04.29"]
[WhiteTeam "Anglian Avengers 1"]
[BlackTeam "MK Phoenix 1"]

1. c4 Nf6 2. Nc3 g6 3. e4 d6 4. d4 Bg7 5. Nf3 O-O 6. Be2 c6 7. O-O e5 8. Be3
Qc7 9. h3 Rd8 10. d5 c5 11. Ne1 Ne8 12. Nd3 Qe7 13. a3 Nd7 14. b4 b6 15. Rb1
Nf8 16. Bf3 Ba6 17. Qb3 f5 18. bxc5 dxc5 19. Qa4 Bb7 20. Rfc1 f4 21. Bd2 Nd6
22. Nb5 Bc8 23. Nxd6 Rxd6 24. Qd1 g5 25. a4 Ng6 26. Bg4 Nh4 27. a5 Bxg4 28.
Qxg4 Rf8 29. Ne1 h6 30. Rc3 Qf7 31. axb6 axb6 32. Rcb3 Qf6 33. Qh5 Ng6 34. Nf3
Ra8 35. Bc3 Rf8 36. Ra1 Rd7 37. Ra6 Rd6 38. Ra7 Rf7 39. Rba3 Rdd7 40. Ra8+ Kh7
41. R3a6 Rb7 42. Rc8 Rfc7 43. Raa8 Rxc8 44. Rxc8 Bf8 45. Rc6 Bd6 46. Qg4 Ne7
47. Bxe5 1-0

[Event "4NCL Division Three East"]
[Site "Milton Keynes, ENG"]
[Date "2023.04.29"]
[Round "9.25"]
[White "Valentine, Brian J"]
[Black "Peck, Silas"]
[Result "0-1"]
[WhiteElo "1911"]
[BlackElo "2052"]
[PlyCount "102"]
[EventDate "2023.04.29"]
[WhiteTeam "MK Phoenix 1"]
[BlackTeam "Anglian Avengers 1"]

1. e4 e5 2. Nf3 Nc6 3. Bb5 a6 4. Ba4 Nf6 5. O-O Be7 6. Re1 b5 7. Bb3 d6 8. c3
Bg4 9. d3 O-O 10. Nbd2 Na5 11. Bc2 c5 12. h3 Bh5 13. Nf1 Nc6 14. Ng3 Bg6 15.
Nh4 d5 16. Qe2 d4 17. Nhf5 h6 18. Nxe7+ Qxe7 19. f4 exf4 20. Bxf4 Rfe8 21. a4
b4 22. cxb4 Nxb4 23. Bb3 Nd7 24. Bc4 Ne5 25. b3 Nxc4 26. bxc4 Ra7 27. Qd2 Qd7
28. Rf1 f6 29. Rf3 Rb7 30. Nh1 Nc6 31. Rg3 Kh7 32. Nf2 Rb3 33. Ng4 h5 34. Nf2
Rb4 35. h4 Na5 36. Qd1 Nc6 37. Nh3 Ne5 38. Bd2 Rb7 39. Nf4 Ng4 40. Nd5 f5 41.
exf5 Bxf5 42. Qf3 Rb2 43. Qf4 Re2 44. Rd1 Rbxd2 45. Rf1 Rf2 46. Rxf2 Rxf2 47.
Qg5 Qe6 48. Qxh5+ Kg8 49. Rxg4 Bxg4 50. Qg5 Qe1+ 51. Kh2 Rf1 0-1

[Event "4NCL Division Three East"]
[Site "Milton Keynes, ENG"]
[Date "2023.04.29"]
[Round "9.26"]
[White "Samarakoon, Vivash"]
[Black "Smith, Graham"]
[Result "1-0"]
[WhiteElo "2063"]
[BlackElo "1883"]
[PlyCount "47"]
[EventDate "2023.04.29"]
[WhiteTeam "Anglian Avengers 1"]
[BlackTeam "MK Phoenix 1"]

1. e4 c5 2. Nf3 Nc6 3. d4 cxd4 4. Nxd4 e5 5. Nb3 Nf6 6. f3 d5 7. exd5 Nxd5 8.
Be2 Be6 9. c3 Qb6 10. Bd3 a5 11. Be4 Rd8 12. Qe2 a4 13. Bxd5 Bxd5 14. Be3 Qc7
15. Nc5 Bxc5 16. Bxc5 Qa5 17. Qf2 Rd7 18. O-O f6 19. Nd2 Kf7 20. Rfd1 Rb8 21.
Nc4 Bxc4 22. Rxd7+ Kg8 23. Bd6 Qd5 24. Qg3 1-0

[Event "4NCL Division Three East"]
[Site "Milton Keynes, ENG"]
[Date "2023.04.29"]
[Round "9.31"]
[White "Cooksey, Paul S"]
[Black "Atako, Chino C"]
[Result "1-0"]
[WhiteElo "2250"]
[BlackElo "2039"]
[PlyCount "73"]
[EventDate "2023.04.29"]
[WhiteTeam "Crowthorne A"]
[BlackTeam "Cambridge University 2"]

1. d4 d6 2. e4 Nf6 3. Nc3 e5 4. Nge2 Be7 5. g3 Bg4 6. Bg2 exd4 7. Qxd4 Nc6 8.
Qe3 Nb4 9. Qd2 O-O 10. O-O a5 11. h3 Be6 12. a3 Na6 13. b3 c6 14. Bb2 Nc5 15.
Rad1 Qb6 16. Nf4 Bd7 17. Rfe1 Rad8 18. Nb1 Rfe8 19. Bc3 Ra8 20. Bd4 Qc7 21.
Bxc5 dxc5 22. e5 Nd5 23. Bxd5 cxd5 24. Nxd5 Qc6 25. Kh2 Be6 26. Nbc3 h6 27. Ne4
c4 28. a4 cxb3 29. cxb3 Bxd5 30. Qxd5 Bb4 31. Re3 Qc2 32. Rf3 Re7 33. Rdd3 Rae8
34. Nd6 Rd8 35. Kg2 Qb2 36. Rxf7 Rxd6 37. exd6 1-0

[Event "4NCL Division Three East"]
[Site "Milton Keynes, ENG"]
[Date "2023.04.29"]
[Round "9.32"]
[White "Rich, Mark C"]
[Black "Webb, Richard M"]
[Result "1/2-1/2"]
[WhiteElo "2070"]
[BlackElo "2179"]
[PlyCount "38"]
[EventDate "2023.04.29"]
[WhiteTeam "Cambridge University 2"]
[BlackTeam "Crowthorne A"]

1. e4 c5 2. Nc3 g6 3. f4 Bg7 4. Nf3 Nc6 5. Bb5 Nd4 6. O-O Nxb5 7. Nxb5 d5 8. e5
d4 9. a4 Nh6 10. d3 O-O 11. c3 a6 12. Na3 b5 13. cxd4 cxd4 14. Nc2 bxa4 15.
Rxa4 Nf5 16. g4 Ne3 17. Bxe3 dxe3 18. Nxe3 Qb6 19. d4 Qxb2 1/2-1/2

[Event "4NCL Division Three East"]
[Site "Milton Keynes, ENG"]
[Date "2023.04.29"]
[Round "9.33"]
[White "Thompson, Ian D"]
[Black "Alldritt, Nigel R E"]
[Result "1-0"]
[WhiteElo "2078"]
[BlackElo "2001"]
[PlyCount "72"]
[EventDate "2023.04.29"]
[WhiteTeam "Crowthorne A"]
[BlackTeam "Cambridge University 2"]

1. c4 e5 2. g3 c6 3. d4 e4 4. Nc3 d5 5. f3 exf3 6. Nxf3 Nf6 7. Bg5 Be7 8. Qb3
dxc4 9. Qxc4 b5 10. Qd3 Ba6 11. Bxf6 Bxf6 12. b4 O-O 13. Bg2 Nd7 14. O-O Qb6
15. Ne4 Be7 16. Nc5 Nxc5 17. bxc5 Qc7 18. Ne5 Bb7 19. e3 Rad8 20. Qb3 Bf6 21.
Ng4 Bg5 22. Ne5 Rde8 23. Rad1 g6 24. e4 Kg7 25. Nf3 Be7 26. Qc3 f6 27. Rc1 Qd7
28. Rfd1 Rc8 29. Nd2 a5 30. a4 b4 31. Qc4 Rfd8 32. Nb3 f5 33. exf5 Qxf5 34. Rf1
Qg5 35. Rf7+ Kh6 36. Re1 Bf6 1-0